00597nam a22001457a 4500003000900000008004100009040007100050082001400121100002300135245003100158260005400189300002800243505016200271650001800433AR-CdUCM190506b           ||||| |||| 00| 0 sap d  aMUNICIPALIDAD PROVINCIAL DEL CUSCOcBIBLIOTECA MUNICIPAL DEL CUSCO  a194 /bQ7  aQuintanilla, Luis.  aBergsonismo y política /  aMéxico :bFondo de cultura económica.,c1953.  a205 páginas ;c22 cm.  aContenido :Rasgos esenciales del bergsonismo -- Bergsonismo y dualismo sociologico -- Anti-intelectuaismo y democracia -- Anarco-sindicalismo y fascismo  ...  aImperialismo.